Bilecik Bilecik Bilecik Bilecik Bilecik

Tekstil terbiyesi ansiklopedik sözlüğü ve kataloğu = (Record no. 21046)

MARC details
000 -BAŞLIK
Sabit Uzunluktaki Kontrol Alanı 01454nam a22003737a 4500
001 - KONTROL NUMARASI
Control Dosyası 0021090
003 - KONTROL NUMARASI KİMLİĞİ
Kontrol Alanı KOHA_MİRAKIL
005 - EN SON İŞLEM TARİHİ ve ZAMANI
Kontrol Alanı 20260207002310.0
007 - FİZİKSEL TANIM SABİT ALAN - GENEL BİLGİ
Sabit uzunluklu kontrol alanı ta
008 - SABİT UZUNLUKTAKİ VERİ ÖGELERİ - GENEL BİLGİ
Sabit Alan 100813b1990 tu |||grd|||#0|||0|tur |
020 ## - ISBN - ULUSLARARASI STANDART KİTAP NUMARASI
Isbn 975746600X
040 ## - KATALOGLAMA KAYNAĞI
Özgün Kataloglama Kurumu TR-BiSEU
Kataloglama Dili tur
Çeviri Kurumu TR-BiSEU
Açıklama Kuralları rda
041 0# - DİL KODU
Metin ya da ses kaydının dil kodu tur
044 ## - YAYINLAYAN/ÜRETEN KURULUŞUN ÜLKE KODU
ISO country code tu
050 ## - SINIFLAMA ve YER NUMARASI
Sınıflama Numarası TS1510
Yer Numarası .Y35 1990
100 1# - KİŞİ ADI
Yazar Adı (Kişi adı) Yakartepe, Zerrin.
240 10 - TEK BİÇİM BAŞLIK
Tekbiçim Başlık <a href="Textile finishing encyclopaedic dictionary and catalogue">Textile finishing encyclopaedic dictionary and catalogue</a>
Language of a work Türkçe
245 1# - ESER ADI BİLDİRİMİ
Başlık Tekstil terbiyesi ansiklopedik sözlüğü ve kataloğu =
Alt Eseradı vb. Enzyklopaedisches Wörterbuch und Katalog Textilveredlung =
-- Textile finishing encyclopaedic dictionary and catalogue/
Sorumluluk Bildirimi Zerrin Yakartepe ; Zerrin Yakartepe, Işık Tarakçıoğlu, Mehmet Yakartepe.
264 #1 - ÜRERİM, YAYIN, DAĞITIM ve TELİF BİLDİRİMİ
Yayın yeri İstanbul :
Yayınlayan Tekstil Araştırma ve Danışmanlık Merkezi
Yayın tarihi 1990
300 ## - FİZİKSEL TANIMLAMA
Sayfa, Cilt vb. 410 s. ;
Boyutları 21 cm.
336 ## - İÇERİK TÜRÜ
Content type term metin
Content type code txt
Source rdacontent
337 ## - MEDYA TÜRÜ
Media type term aracısız
Media type code n
Source rdamedia
338 ## - TAŞIYICI TÜRÜ
Carrier type term cilt
Carrier type code nc
Source rdacarrier
490 1# - DİZİ BİLDİRİMİ
Dizi Bildirimi Tekstil &amp ;
Cilt Numarası teknik kitap klubü ;
-- no.
490 1# - DİZİ BİLDİRİMİ
Dizi Bildirimi 1
650 #0 - KONU BAŞLIĞI EK GİRİŞ - KONU TERİMİ
Konusal terim veya coğrafi ad Türk dili--Sözlükler--Çok dilde.
9 (RLIN) 45183
650 #0 - KONU BAŞLIĞI EK GİRİŞ - KONU TERİMİ
Konusal terim veya coğrafi ad Tekstil terbiyesi--Sözlükler--Çok dilde.
9 (RLIN) 45184
650 #0 - KONU BAŞLIĞI EK GİRİŞ - KONU TERİMİ
Konusal terim veya coğrafi ad Turkish language--Dictionaries--multilingual.
9 (RLIN) 45185
650 #0 - KONU BAŞLIĞI EK GİRİŞ - KONU TERİMİ
Konusal terim veya coğrafi ad Textile finishing--Dictionaries--multilingual.
9 (RLIN) 45186
830 1# - SERİ EK GİRİŞİ - TEKBİÇİM ESER ADI
Tekbiçim Başlık Tekstil &amp ;
Volume number/sequential designation teknik kitap klubü ;
-- no.
9 (RLIN) 45187
830 1# - SERİ EK GİRİŞİ - TEKBİÇİM ESER ADI
Tekbiçim Başlık 1
9 (RLIN) 2570
907 ## - LOCAL DATA ELEMENT G, LDG (RLIN)
a Sözlük
942 ## - EK GİRİŞ ÖGELERİ (KOHA)
Source of classification or shelving scheme Library of Congress Classification
Koha item type Book
Holdings
Materyal Türü Kalıcı Konum Mevcut Konum Koleksiyon Kodu Sınıflandırma Kaynağı Edinim Bilgisi Ana Konular Alt Konular Yer Numarası Cilt Bilgisi Demirbaş Numarası Fatura Tarihi Geri Çekilme Durumu Kayıp Durumu Hasarlı Durumu Kredi için değil Kayıt Tarih Toplam Ödünçverme Son Görülme Tarihi Son Kontrol Tarihi Genel / Bağış Notu
Danışma Kaynakları BŞEÜ Pazaryeri MYO Kütüphanesi BŞEÜ Pazaryeri MYO Kütüphanesi Referans Library of Congress Classification Bağış TEKNOLOJİ İmalat TS1510 .Y35 1990 c.3 0021090 02/02/2026       Ödünç verilmez 13/08/2010   05/12/2024 05/12/2024 Genel Bağış